<?xml version="1.0" encoding="UTF-8"?>
<record
    xmlns:xsi="http://www.w3.org/2001/XMLSchema-instance"
    xsi:schemaLocation="http://www.loc.gov/MARC21/slim http://www.loc.gov/standards/marcxml/schema/MARC21slim.xsd"
    xmlns="http://www.loc.gov/MARC21/slim">

  <leader>02413nam a2200325 a 4500</leader>
  <controlfield tag="001">000023777</controlfield>
  <controlfield tag="005">20251120073732.0</controlfield>
  <controlfield tag="008">110113s1995    dr            000 0 spa d</controlfield>
  <datafield tag="020" ind1=" " ind2=" ">
    <subfield code="z">8489548056</subfield>
  </datafield>
  <datafield tag="040" ind1=" " ind2=" ">
    <subfield code="a">DO-SdBNP</subfield>
    <subfield code="b">spa</subfield>
    <subfield code="c">BNPHU</subfield>
  </datafield>
  <datafield tag="082" ind1=" " ind2=" ">
    <subfield code="a">304.28</subfield>
    <subfield code="b">F727a</subfield>
  </datafield>
  <datafield tag="111" ind1="2" ind2=" ">
    <subfield code="a">Foro Ambiental Paradigmas sobre Medio Ambiente.</subfield>
    <subfield code="d">(1994 :</subfield>
    <subfield code="c">Santo Doming)</subfield>
    <subfield code="9">48940</subfield>
  </datafield>
  <datafield tag="245" ind1="1" ind2="0">
    <subfield code="a">Acci&#xF3;n ambiental en la Rep&#xFA;blica Dominicana :</subfield>
    <subfield code="b">discusiones sobre su conceptualizaci&#xF3;n /</subfield>
    <subfield code="c">editor V&#xED;ctor Eddy Ruiz B.</subfield>
  </datafield>
  <datafield tag="260" ind1=" " ind2=" ">
    <subfield code="a">Santiago de los Caballeros, Rep&#xFA;blica Dominicana :</subfield>
    <subfield code="b">PUCMM,</subfield>
    <subfield code="c">1995.</subfield>
  </datafield>
  <datafield tag="300" ind1=" " ind2=" ">
    <subfield code="a">169 p. ;</subfield>
    <subfield code="c">23 cm.</subfield>
  </datafield>
  <datafield tag="490" ind1="1" ind2=" ">
    <subfield code="a">Documentos</subfield>
    <subfield code="v">175</subfield>
  </datafield>
  <datafield tag="500" ind1=" " ind2=" ">
    <subfield code="a">Incluye referencias bibliogr&#xE1;ficas y notas al pie de las p&#xE1;ginas.</subfield>
  </datafield>
  <datafield tag="500" ind1=" " ind2=" ">
    <subfield code="a">Incluye bibliograf&#xED;a al final de los cap&#xED;tulos.</subfield>
  </datafield>
  <datafield tag="505" ind1="0" ind2=" ">
    <subfield code="g">Introducci&#xF3;n --</subfield>
    <subfield code="t">I.- Marco conceptual de la problem&#xE1;tica ambiental:</subfield>
    <subfield code="t">El rol de la ecolog&#xED;a en la conformaci&#xF3;n de un nuevo estilo de pensamiento /</subfield>
    <subfield code="r">Rafael Emilio Yun&#xE9;n --</subfield>
    <subfield code="t">Conceptos y enfoques del fen&#xF3;meno ambiental /</subfield>
    <subfield code="r">C&#xE9;sar P&#xE9;rez --</subfield>
    <subfield code="t">En torno a la discusi&#xF3;n sobre la problem&#xE1;tica ambiental /</subfield>
    <subfield code="r">Yeny Cornelio y Gavino Severino --</subfield>
    <subfield code="t">El espacio rural: hacia un marco conceptual /</subfield>
    <subfield code="r">Pedro Juan del Rosario --</subfield>
    <subfield code="t">II.- Marco metodol&#xF3;gico general de los proyectos sobre medio ambiente:</subfield>
    <subfield code="t">Consideraciones te&#xF3;rico-metodol&#xF3;gicas para un acercamiento a la problem&#xE1;tica del medio ambiente urbano /</subfield>
    <subfield code="r">Lilian Bobea --</subfield>
    <subfield code="t">M&#xE9;todos participativos en la promoci&#xF3;n del desarrollo rural aplicados a la conservaci&#xF3;n y uso de los recursos naturales /</subfield>
    <subfield code="r">C.E. L&#xF3;pez --</subfield>
    <subfield code="t">III:- Pol&#xED;tica ambiental:</subfield>
    <subfield code="t">La gesti&#xF3;n ambiental, un problema cultural /</subfield>
    <subfield code="r">Jorge Cela, S.J. --</subfield>
    <subfield code="t">Gestores de cambios en el ambiente rural /</subfield>
    <subfield code="r">Carlos Brito --</subfield>
    <subfield code="g">Conclusiones --</subfield>
    <subfield code="g">Lista de participantes.</subfield>
  </datafield>
  <datafield tag="590" ind1=" " ind2=" ">
    <subfield code="a">Inventariado, 2018/BT</subfield>
  </datafield>
  <datafield tag="650" ind1=" " ind2="4">
    <subfield code="a">Protecci&#xF3;n del medio ambiente</subfield>
    <subfield code="v">CONGRESOS, CONFERENCIAS, ETC.</subfield>
    <subfield code="9">32011</subfield>
  </datafield>
  <datafield tag="650" ind1=" " ind2="4">
    <subfield code="a">Ecolog&#xED;a aplicada</subfield>
    <subfield code="9">48941</subfield>
  </datafield>
  <datafield tag="650" ind1=" " ind2="4">
    <subfield code="a">Pol&#xED;tica ambiental</subfield>
    <subfield code="z">Rep&#xFA;blica Dominicana</subfield>
    <subfield code="v">CONGRESOS, CONFERENCIAS, ETC.</subfield>
    <subfield code="9">48942</subfield>
  </datafield>
  <datafield tag="650" ind1=" " ind2="4">
    <subfield code="a">Gesti&#xF3;n ambiental</subfield>
    <subfield code="z">Rep&#xFA;blica Dominicana</subfield>
    <subfield code="v">CONGRESOS, CONFERENCIAS, ETC.</subfield>
    <subfield code="9">48943</subfield>
  </datafield>
  <datafield tag="650" ind1=" " ind2="4">
    <subfield code="a">Hombres</subfield>
    <subfield code="x">Influencia sobre la naturaleza</subfield>
    <subfield code="v">CONGRESOS, CONFERENCIAS, ETC.</subfield>
    <subfield code="9">48944</subfield>
  </datafield>
  <datafield tag="700" ind1="1" ind2=" ">
    <subfield code="a">Ruiz B., V&#xED;ctor Eddy,</subfield>
    <subfield code="e">ed.</subfield>
    <subfield code="9">12774</subfield>
  </datafield>
  <datafield tag="710" ind1="2" ind2=" ">
    <subfield code="a">Pontificia  Universidad Cat&#xF3;lica Madre y Maestra </subfield>
    <subfield code="9">843</subfield>
  </datafield>
  <datafield tag="830" ind1=" " ind2="0">
    <subfield code="a">Documentos</subfield>
    <subfield code="v">175</subfield>
    <subfield code="9">1047</subfield>
  </datafield>
  <datafield tag="910" ind1=" " ind2=" ">
    <subfield code="a">Validado. Control de calidad. EMS</subfield>
  </datafield>
  <datafield tag="952" ind1=" " ind2=" ">
    <subfield code="0">0</subfield>
    <subfield code="1">0</subfield>
    <subfield code="7">1</subfield>
    <subfield code="8">PD</subfield>
    <subfield code="a">PD</subfield>
    <subfield code="b">PD</subfield>
    <subfield code="c">HD</subfield>
    <subfield code="d">2011-01-13</subfield>
    <subfield code="i">LF1</subfield>
    <subfield code="l">0</subfield>
    <subfield code="o">304.28 F727a</subfield>
    <subfield code="p">23777-10</subfield>
    <subfield code="r">2020-06-25</subfield>
    <subfield code="w">2020-06-25</subfield>
    <subfield code="y">LFPD</subfield>
    <subfield code="Z">No se presta</subfield>
  </datafield>
  <datafield tag="952" ind1=" " ind2=" ">
    <subfield code="0">0</subfield>
    <subfield code="1">0</subfield>
    <subfield code="7">1</subfield>
    <subfield code="8">PD</subfield>
    <subfield code="a">PD</subfield>
    <subfield code="b">PD</subfield>
    <subfield code="c">HD</subfield>
    <subfield code="d">2013-04-12</subfield>
    <subfield code="i">LF1</subfield>
    <subfield code="l">0</subfield>
    <subfield code="o">304.28 F727a</subfield>
    <subfield code="p">23777-20</subfield>
    <subfield code="r">2020-06-25</subfield>
    <subfield code="t">e. 2</subfield>
    <subfield code="w">2020-06-25</subfield>
    <subfield code="y">LFPD</subfield>
    <subfield code="Z">No se presta</subfield>
  </datafield>
  <datafield tag="999" ind1=" " ind2=" ">
    <subfield code="c">23273</subfield>
    <subfield code="d">23273</subfield>
  </datafield>
</record>
